000 00685nam a2200241Ia 4500
003 OSt
005 20220918180806.0
006 a|||||r|||| 00| 0
007 ta
008 220917b |||||||| |||| 00| 0 eng d
024 _a24,153
037 _cTextual
040 _aARTS
_cARTS
_beng
041 _2eng
_aeng
082 _aO111:gJ, M2
100 _aKing John N
_957100
245 0 _aEnglish reformation literature
_b the tudor origins of the protestant tradition
260 _aPrinceton
_bPrinceton Univ Press
_c1982
300 _axvi,539p.
_ccm.
650 _aENGLISH LITERATURE
942 _hO111:gJ, M2
_cTEXL
_2CC
999 _c163136
_d163136